Zui hou ju ping ci ming shan ye huang Ming xiao lun : bu fen juan, fu Zui hou ju li shi lun /

Saved in:
Bibliographic Details
Other Authors: Zhou, Zhong, active 1617-1623., Zhou, Quan.
Format: Book
Language:Chinese
Published: [China] : Zui hou ju, [Ming mo, between 1621 and 1644]
Series:Harvard Yenching Library - National Taiwan University Library preservation microfilm project ; 00012.
Harvard-Yenching Library Chinese Rare Books Digitization Project-Collected Works.
Subjects:
Tags: Add Tag
No Tags, Be the first to tag this record!
LEADER 01818cam a2200385ui 4500
001 007779010-3
005 20150211113707.0
008 980430q16211644cc 000 0 chi d
035 0 |a ocn903426157 
035 0 |a ocm39040586 
040 |a *YNH*  |c *YNH*  |d CStRLIN 
245 0 0 |6 880-01  |a Zui hou ju ping ci ming shan ye huang Ming xiao lun :  |b bu fen juan, fu Zui hou ju li shi lun /  |c Zhou Zhong xuan ping ; Zhou Quan deng can ding. 
246 3 0 |6 880-02  |a Ming shan ye huang Ming xiao lun 
260 |6 880-03  |a [China] :  |b Zui hou ju,  |c [Ming mo, between 1621 and 1644] 
300 |a 6 v. 
500 |a Blockprint. 
500 |a Double leaves, oriental style, in case. 
500 |6 880-04  |a <> 
510 3 |6 880-05  |a Zhu lu: Zhongguo gu ji shan ben shu mu. 
650 0 |a Chinese prose literature  |y Ming dynasty, 1368-1644. 
700 1 |6 880-06  |a Zhou, Zhong,  |d active 1617-1623. 
700 1 |6 880-07  |a Zhou, Quan. 
740 0 2 |6 880-08  |a Zui hou ju li shi lun. 
880 0 0 |6 245-01  |a 醉后居評次名山業皇明小論 :  |b 不分卷, 附醉后居歷試論 /  |c 周鍾選評 ; 周銓等参定. 
880 3 0 |6 246-02  |a 名山業皇明小論 
880 |6 260-03  |a [China] :  |b 醉后居,  |c [明末, between 1621 and 1644] 
880 |6 500-04  |a 十行二六字, 四周單邊, 白口, 無魚尾, 書眉上刻評, 書口下有「醉后居」, 書口上方刻「名山業」, 框高 21.5 x 12. 
880 3 |6 510-05  |a 著錄: 中國古籍善本書目. 
880 1 |6 700-06  |a 周鍾,  |d active 1617-1623. 
880 1 |6 700-07  |a 周銓. 
880 0 2 |6 740-08  |a 醉后居歷試論. 
830 0 |a Harvard Yenching Library - National Taiwan University Library preservation microfilm project ;  |v 00012.  |5 mmf 
830 0 |a Harvard-Yenching Library Chinese Rare Books Digitization Project-Collected Works.  |5 net 
988 |a 20021121 
906 |0 MH